Ανάπτυξη πρωτότυπης διαδικτυακής εφαρμογής δημιουργίας και διαχείρισης προγράμματος μαθημάτων πανεπιστημιακών τμημάτων : δαίδαλος : πτυχιακή εργασία
Η παρούσα διπλωματική εργασία αφορά την περιγραφή της διαδικτυακής υπηρεσίας που ονομάζεται Δαίδαλος. Ο Δαίδαλος απευθύνεται στον δημιουργό του προγράμματος εξαμήνου του τμήματος Μηχανικών Πληροφοριακών & Επικοινωνιακών Συστημάτων καθώς αποτελεί μία πλατφόρμα ψηφιοποίησης και μερικής αυτοματοπο...
Αποθηκεύτηκε σε:
| Κύριος συγγραφέας: | |
|---|---|
| Συγγραφή απο Οργανισμό/Αρχή: | |
| Μορφή: | Thesis Βιβλίο |
| Γλώσσα: | Greek |
| Δημοσίευση: |
2014.
|
| Θέματα: | |
| Διαθέσιμο Online: | http://hdl.handle.net/11610/8822 |
| Ετικέτες: |
Προσθήκη ετικέτας
Δεν υπάρχουν, Καταχωρήστε ετικέτα πρώτοι!
|
MARC
| LEADER | 00000cam a2200000 a 4500 | ||
|---|---|---|---|
| 001 | 1/109374 | ||
| 008 | 151118s2014####gr | ||| |||| ||gre|| | ||
| 040 | |a GR-MyUa |b gre |c GR-MyUa |e AACR2 | ||
| 041 | 0 | |a gre | |
| 082 | 7 | |a 005.116 |2 (23) | |
| 100 | 1 | |a Μήττος |q Αλέξανδρος. | |
| 245 | 1 | 0 | |a Ανάπτυξη πρωτότυπης διαδικτυακής εφαρμογής δημιουργίας και διαχείρισης προγράμματος μαθημάτων πανεπιστημιακών τμημάτων : |b δαίδαλος : πτυχιακή εργασία / |c Αλέξανδρος Μήττος, Κυριάκος Χατζηκυριάκου ; επιβλέπων καθηγητής Γιάννης Χαραλαμπίδης. |
| 260 | |c 2014. | ||
| 300 | |a vii, 83 σ. : |b εικ., διάγρ., πιν. ; |c 30 εκ. | ||
| 500 | |a Μέλη της εξεταστικής επιτροπής: Χαραλαμπίδης Γιάννης, Μαραγκουδάκης Μανόλης, Δρόσος Δημήτρης. | ||
| 502 | |a Πτυχιακή εργασία - Πανεπιστήμιο Αιγαίου, Σάμος, 2014. | ||
| 504 | |a Βιβλιογραφία: σ. 83. | ||
| 506 | 0 | |a Διάθεση πλήρους κειμένου - Ελεύθερη πρόσβαση. | |
| 520 | 8 | |a Η παρούσα διπλωματική εργασία αφορά την περιγραφή της διαδικτυακής υπηρεσίας που ονομάζεται Δαίδαλος. Ο Δαίδαλος απευθύνεται στον δημιουργό του προγράμματος εξαμήνου του τμήματος Μηχανικών Πληροφοριακών & Επικοινωνιακών Συστημάτων καθώς αποτελεί μία πλατφόρμα ψηφιοποίησης και μερικής αυτοματοποίησης της διαδικασίας κατασκευής του προγράμματος εξαμήνου. Οι πολλές μεταβλητές και η συνεχής ανατροφοδότηση που απαιτούνται για την μέχρι στιγμής δημιουργία του προγράμματος εξαμήνου καθιστούσε τη διαδικασία χρονοβόρα και κοπιαστική ενώ οι τάσεις των καιρών επιβάλλουν τη ψηφιοποίηση όλων των βασικών υποστηρικτικών διαδικασιών ενός οργανισμού. Μετά από έρευνα που πραγματοποιήθηκε αποφασίσαμε πως η καλύτερη προσέγγιση για τη λύση του προβλήματος είναι μία διαδικτυακή υπηρεσία με έμφαση στο εύκολο περιβάλλον εργασίας και στην ταχεία εισαγωγή δεδομένων. Η παρουσία ενός τέτοιου περιβάλλοντος, όχι μόνο λύνει το πρόβλημα ικανοποίησης περιορισμών που είναι η δημιουργία του προγράμματος εξαμήνου αλλά θέτει τις βάσεις για μία σειρά από επιπρόσθετες υπηρεσίες που αφορούν τους υπόλοιπους ενδιαφερόμενους του οργανισμού. Το αποτέλεσμα ήταν επιτυχές καθώς η υπηρεσία δημιουργήθηκε και είναι λειτουργική. Παρόλα αυτά, όπως κάθε λογισμικό, έτσι και ο Δαίδαλος είναι ένα έργο σε εξέλιξη αφού χρειάζεται –ή απαιτεί σε ορισμένα σημεία– βελτιώσεις και προσθήκες. | |
| 520 | 8 | |a This thesis presents the web service called Daedalus. Daedalus is made to serve the needs of the semester program author in the department of Information and Communications Systems Engineering as it is a platform of digitation and partial automation of the manufacturing of the semester program. The many variables and constant feedback needed so far for the creation of the semester program makes the procedure time consuming and laborious. In the meantime, the trend of times require the digitation of key supportive processes in an organization. After excessive survey we decided that the best approach to solving this particular problem is a web service with emphasis on an easy-to-use interface and fast data entry. The presence of such environment, not only solves the constrain satisfaction problem that is the creation of the semester program but sets the stage for a series of additional services for the current organization. The result was successful as the service was created and is functional. However, like any other software, so Daedalus is a work in progress as certain points need further improvements and/or additions | |
| 650 | 0 | |a Constraint programming (Computer science) | |
| 650 | 0 | |a Web services. | |
| 650 | 0 | |a Scheduling. | |
| 650 | 0 | |a Dissertations, Academic |z Greece. | |
| 700 | 1 | |a Χατζηκυριάκου, Κυριάκος, |e dgs | |
| 700 | 1 | |a Charalabidis, Yannis, |d 1967- |e dgs | |
| 710 | 2 | |a Πανεπιστήμιο Αιγαίου. |b Σχολή Θετικών Επιστημών. |b Τμήμα Μηχανικών Πληροφοριακών και Επικοινωνιακών Συστημάτων. | |
| 852 | |a INST |b SAMOS |c DIATR |e 20151118 |h 005.116 ΜΗΤ |p 005300042638 |q 005300042638 |t DIE |y 23 | ||
| 852 | |a INST |b SAMOS |c DIATR |e 20151118 |h 005.116 ΜΗΤ |p 005300042639 |q 005300042639 |t DIE |y 23 | ||
| 856 | |u http://hdl.handle.net/11610/8822 | ||
| 924 | |a Μήττος |b Αλέξανδρος |y Σάμος |z 2014-10 | ||
| 970 | |a Κοσιέρης |b Χρήστος |z 18-11-2015 | ||